| 000 | 00328nam a22000977a 4500 | ||
|---|---|---|---|
| 008 | 110624t xxu||||| |||| 00| 0 eng d | ||
| 010 | _aHCCSF95 | ||
| 245 | _aHIGH COURT CIVIL APPEAL NO.071 OF 2010 Omunyokol Akol Johnson Vs Attorney General | ||
| 260 | _aCourt of Appeal Kampala | ||
| 500 | _3CORAM: Byamugisha, Kavuma and Nshimye, JJA | ||
| 999 |
_c3837 _d3837 |
||